<?xml version="1.0" encoding="UTF-8"?>
<collection xmlns="http://www.loc.gov/MARC21/slim">
 <record>
  <leader>00682pamaa2200181   4500</leader>
  <controlfield tag="001">0000052184</controlfield>
  <controlfield tag="005">20140205090000.0</controlfield>
  <controlfield tag="008">140205s2008                             eng  </controlfield>
  <datafield tag="022" ind1="0" ind2="0">
   <subfield code="a">02650290</subfield>
  </datafield>
  <datafield tag="245" ind1="1" ind2="0">
   <subfield code="a">Economic Review : </subfield>
   <subfield code="b">Vol 25, No. 1-3, 2007/2008.</subfield>
  </datafield>
  <datafield tag="260" ind1="0" ind2="0">
   <subfield code="a">Oxfordshire: </subfield>
   <subfield code="b">Philip Allan Updates, </subfield>
   <subfield code="c">2000-.</subfield>
  </datafield>
  <datafield tag="300" ind1=" " ind2=" ">
   <subfield code="a">v.; </subfield>
   <subfield code="c">25 cm.</subfield>
  </datafield>
  <datafield tag="500" ind1="0" ind2="0">
   <subfield code="a">Title from cover</subfield>
  </datafield>
  <datafield tag="501" ind1="0" ind2="0">
   <subfield code="a">Library</subfield>
  </datafield>
  <datafield tag="650" ind1="0" ind2="0">
   <subfield code="a">United States -- </subfield>
   <subfield code="x">Economic conditions -- </subfield>
   <subfield code="x">Periodicals -- </subfield>
   <subfield code="y">1971-1981 </subfield>
  </datafield>
  <datafield tag="650" ind1="0" ind2="0">
   <subfield code="a">United States -- </subfield>
   <subfield code="x">Economic conditions -- </subfield>
   <subfield code="x">Periodicals -- </subfield>
   <subfield code="y">1981-2001 </subfield>
  </datafield>
  <datafield tag="650" ind1="0" ind2="0">
   <subfield code="a">United States -- </subfield>
   <subfield code="x">Economic conditions -- </subfield>
   <subfield code="x">Periodicals -- </subfield>
   <subfield code="y">2001-2009 </subfield>
  </datafield>
  <datafield tag="901" ind1=" " ind2=" ">
   <subfield code="u">http://www.philipallan.co.uk</subfield>
  </datafield>
 </record>
</collection>
